[Event "27th Klatovy A 2019"]
[Site "Klatovy CZE"]
[Date "2019.07.01"]
[Round "3.25"]
[White "Cakl, Zdenek"]
[Black "Novak, Vaclav2"]
[Result "1/2-1/2"]
[WhiteElo "2072"]
[BlackElo "1870"]
[PlyCount "48"]
[EventDate "2019.06.29"]
[EventType "swiss"]
[EventRounds "9"]
[EventCountry "CZE"]

1. Nf3 d5 2. b3 Nf6 3. Bb2 c5 4. e3 Nc6 5. Bb5 Bd7 6. O-O g6 7. Nc3 e6 8. Bxc6 Bxc6 9. Ne5 Bg7 10. Nxc6 bxc6 11. Na4 Qa5 12. Qf3 Nh5 13. Bxg7 Nxg7 14. d3 O-O 15. c4 Rfd8 16. Rfd1 Rd7 17. Rac1 Rc7 18. Qe2 Rac8 19. Qd2 Qb4 20. Rc2 Nf5 21. Rdc1 d4 22. e4 Nd6 23. Qg5 Nb7 24. f4 f5 1/2-1/2

[Event "27th Klatovy A 2019"]
[Site "Klatovy CZE"]
[Date "2019.07.01"]
[Round "3.26"]
[White "Vevera, Radek"]
[Black "Sim, Jia Ru"]
[Result "1-0"]
[WhiteElo "2066"]
[BlackElo "1866"]
[PlyCount "137"]
[EventDate "2019.06.29"]
[EventType "swiss"]
[EventRounds "9"]
[EventCountry "CZE"]

1. e4 c5 2. Nf3 e6 3. d4 cxd4 4. Nxd4 Nc6 5. Nc3 a6 6. Be3 Qc7 7. Be2 Nf6 8. O-O Bb4 9. Na4 O-O 10. c4 Be7 11. Nc3 d6 12. Rc1 Bd7 13. Qd2 Rac8 14. Rfd1 Rfd8 15. f3 Qb8 16. a4 Ne5 17. b3 Be8 18. Bf1 Nfd7 19. Kh1 Nc5 20. Qa2 Bf6 21. b4 Ncd7 22. a5 Ng6 23. Na4 Be5 24. g3 b6 25. axb6 Nxb6 26. Nxb6 Qxb6 27. Nc2 Qb7 28. Bg2 Bc6 29. Qa5 Rb8 30. Rb1 d5 31. b5 axb5 32. cxb5 Bc7 33. b6 Bd6 34. Nd4 dxe4 35. Nxc6 Qxc6 36. Rdc1 Qb7 37. fxe4 Ne5 38. Qb5 h6 39. Rc2 Qe7 40. Bd4 Qg5 41. b7 Kh7 42. Ba7 Qh5 43. Bxb8 Bxb8 44. Rc8 Rd2 45. Rxb8 Rxg2 46. Rh8+ Kg6 47. Rxh6+ gxh6 48. Kxg2 Qf3+ 49. Kg1 Qe3+ 50. Kf1 Qf3+ 51. Ke1 Qxe4+ 52. Kd2 Qd4+ 53. Kc2 Qf2+ 54. Kb3 Qe3+ 55. Ka4 Qd4+ 56. Qb4 Qd7+ 57. Ka3 Qd3+ 58. Ka4 Qa6+ 59. Kb3 Qd3+ 60. Ka2 Qa6+ 61. Qa3 Qc4+ 62. Rb3 Qe2+ 63. Qb2 Qa6+ 64. Kb1 Nc4 65. Qc2+ Kg7 66. b8=Q Qc6 67. Qf4 Qh1+ 68. Qfc1 Qd5 69. Qxc4 1-0

[Event "27th Klatovy A 2019"]
[Site "Klatovy CZE"]
[Date "2019.07.01"]
[Round "3.27"]
[White "Skypala, Ondrej"]
[Black "Paldus, Jan"]
[Result "1-0"]
[WhiteElo "2030"]
[BlackElo "1767"]
[PlyCount "113"]
[EventDate "2019.06.29"]
[EventType "swiss"]
[EventRounds "9"]
[EventCountry "CZE"]

1. c4 e5 2. Nc3 Nf6 3. e4 Be7 4. d3 Nc6 5. g3 b6 6. Bg2 Bb7 7. Nge2 a5 8. O-O O-O 9. h3 h6 10. Be3 d6 11. f4 exf4 12. gxf4 Nh7 13. a3 Bf6 14. d4 Re8 15. Ng3 g6 16. f5 Bg5 17. Bxg5 Qxg5 18. Kh2 Ne7 19. Qd3 c5 20. d5 Ba6 21. b3 Rab8 22. Rf2 Nf6 23. a4 Nh5 24. Nxh5 Qxh5 25. Qg3 Rbd8 26. f6 Nc8 27. Rf5 g5 28. Bf3 Qg6 29. h4 Na7 30. h5 Qh7 31. Bg4 Bc8 32. Rf3 Bxg4 33. Qxg4 Re5 34. Raf1 Kf8 35. Rf5 Rxf5 36. Rxf5 Nc8 37. Rf1 Na7 38. Ne2 Nc8 39. Ng3 Re8 40. Nf5 Rd8 41. Ng7 Kg8 42. Re1 Kf8 43. Qf5 Kg8 44. Qh3 Kf8 45. Qg4 Kg8 46. Kg3 Kf8 47. Qf5 Kg8 48. Kg4 Qxf5+ 49. Nxf5 Kh7 50. e5 dxe5 51. Rxe5 Nd6 52. Re7 Nxf5 53. Kxf5 Kg8 54. Rc7 Re8 55. d6 Rd8 56. d7 Kh7 57. Kg4 1-0

[Event "27th Klatovy A 2019"]
[Site "Klatovy CZE"]
[Date "2019.07.01"]
[Round "3.28"]
[White "Lochman, Vaclav"]
[Black "Vavrinkova, Eliska"]
[Result "1-0"]
[WhiteElo "2007"]
[BlackElo "1858"]
[PlyCount "41"]
[EventDate "2019.06.29"]
[EventType "swiss"]
[EventRounds "9"]
[EventCountry "CZE"]

1. e4 c6 2. d4 d5 3. Nd2 dxe4 4. Nxe4 Nf6 5. Nxf6+ gxf6 6. Nf3 Bg4 7. Be2 Nd7 8. O-O Qc7 9. Nh4 h5 10. Bxg4 hxg4 11. Qxg4 O-O-O 12. Bf4 e5 13. dxe5 fxe5 14. Bg3 Bc5 15. Rad1 Kb8 16. b4 Be7 17. Nf5 Nf6 18. Qe2 Rhe8 19. Bxe5 Bd6 20. Nxd6 Rxd6 21. Rxd6 1-0

[Event "27th Klatovy A 2019"]
[Site "Klatovy CZE"]
[Date "2019.07.01"]
[Round "3.29"]
[White "Rybin, Jan"]
[Black "Cmiko, Jakub"]
[Result "1/2-1/2"]
[WhiteElo "1900"]
[BlackElo "2005"]
[PlyCount "39"]
[EventDate "2019.06.29"]
[EventType "swiss"]
[EventRounds "9"]
[EventCountry "CZE"]

1. d4 Nf6 2. Nf3 g6 3. g3 Bg7 4. Bg2 O-O 5. c4 d6 6. O-O Nbd7 7. Nc3 c6 8. e4 e5 9. b3 exd4 10. Nxd4 Nc5 11. f3 Re8 12. Be3 Qe7 13. Re1 a5 14. Qe2 Nfd7 15. Rad1 Ne5 16. h3 f6 17. Kh2 Nf7 18. Qf2 Ne5 19. Qc2 Nf7 20. Qf2 1/2-1/2

[Event "27th Klatovy A 2019"]
[Site "Klatovy CZE"]
[Date "2019.07.01"]
[Round "3.30"]
[White "Danko, Jiri"]
[Black "Drahorad, Daniel"]
[Result "0-1"]
[WhiteElo "1881"]
[BlackElo "1977"]
[PlyCount "64"]
[EventDate "2019.06.29"]
[EventType "swiss"]
[EventRounds "9"]
[EventCountry "CZE"]

1. d4 Nf6 2. Nf3 d5 3. e3 Bg4 4. c3 e6 5. Nbd2 Nbd7 6. Qb3 Rb8 7. Qa4 Bd6 8. Ne5 O-O 9. Nxg4 Nxg4 10. Nf3 a6 11. h3 Ngf6 12. Bd3 c5 13. O-O Qc7 14. Qd1 e5 15. dxe5 Nxe5 16. Nxe5 Bxe5 17. f4 Bd6 18. Qf3 Rfe8 19. c4 dxc4 20. Bxc4 b5 21. Bd5 Nxd5 22. Qxd5 Rbd8 23. Qf3 c4 24. e4 Bc5+ 25. Kh1 Rd3 26. Qe2 Qc6 27. Re1 Bb4 28. Rf1 Rxe4 29. Qg4 Bc5 30. Rb1 Re2 31. f5 h5 32. Qg5 Be7 0-1

[Event "27th Klatovy A 2019"]
[Site "Klatovy CZE"]
[Date "2019.07.01"]
[Round "3.31"]
[White "Pavlicek, Lukas"]
[Black "Hlozek, David"]
[Result "0-1"]
[WhiteElo "1962"]
[BlackElo "1901"]
[PlyCount "40"]
[EventDate "2019.06.29"]
[EventType "swiss"]
[EventRounds "9"]
[EventCountry "CZE"]

1. e4 c5 2. Nf3 d6 3. d4 cxd4 4. Nxd4 Nf6 5. Nc3 a6 6. Nb3 e5 7. Bg5 Be6 8. Qd3 Nbd7 9. Nd5 Bxd5 10. exd5 Be7 11. Be2 Rc8 12. O-O O-O 13. c4 Nb6 14. Bxf6 Bxf6 15. Rac1 Bg5 16. Rc2 f5 17. c5 dxc5 18. Nxc5 Qxd5 19. Qxd5+ Nxd5 20. Bc4 Rxc5 0-1

[Event "27th Klatovy A 2019"]
[Site "Klatovy CZE"]
[Date "2019.07.01"]
[Round "3.32"]
[White "Cecil, Pavel"]
[Black "Ondrejat, Miroslav"]
[Result "0-1"]
[WhiteElo "1890"]
[BlackElo "1948"]
[PlyCount "40"]
[EventDate "2019.06.29"]
[EventType "swiss"]
[EventRounds "9"]
[EventCountry "CZE"]

1. Nf3 f5 2. g3 Nf6 3. c4 g6 4. Nc3 Bg7 5. Bg2 O-O 6. O-O d6 7. d3 e5 8. e4 Nc6 9. a3 Kh8 10. Nd5 fxe4 11. dxe4 Nxe4 12. Nxe5 Nxe5 13. Bxe4 Bg4 14. Qc2 Nf3+ 15. Kg2 Qd7 16. Nf4 Nd4 17. Qd3 g5 18. h3 gxf4 19. hxg4 f3+ 20. Kh2 Qxg4 0-1

[Event "27th Klatovy A 2019"]
[Site "Klatovy CZE"]
[Date "2019.07.01"]
[Round "3.33"]
[White "Flajsman, Pavel"]
[Black "Novotny, David"]
[Result "1-0"]
[WhiteElo "1917"]
[BlackElo "1788"]
[PlyCount "45"]
[EventDate "2019.06.29"]
[EventType "swiss"]
[EventRounds "9"]
[EventCountry "CZE"]

1. d4 d5 2. Nf3 Nf6 3. c4 c6 4. g3 dxc4 5. Bg2 Bf5 6. O-O e6 7. Ne5 h5 8. Nc3 Bb4 9. Bg5 h4 10. e4 Bh7 11. Nxc4 b5 12. Ne3 Bxc3 13. bxc3 Qa5 14. Bxf6 gxf6 15. d5 hxg3 16. hxg3 Na6 17. dxe6 Rd8 18. Qh5 Qc7 19. Nf5 Nc5 20. Ng7+ Kf8 21. e7+ Qxe7 22. Qh6 Kg8 23. Nh5 1-0

[Event "27th Klatovy A 2019"]
[Site "Klatovy CZE"]
[Date "2019.07.01"]
[Round "3.34"]
[White "Kovar, Petr"]
[Black "Dvorakova, Olga"]
[Result "0-1"]
[WhiteElo "1909"]
[BlackElo "1763"]
[PlyCount "52"]
[EventDate "2019.06.29"]
[EventType "swiss"]
[EventRounds "9"]
[EventCountry "CZE"]

1. c4 e5 2. Nc3 Nc6 3. g3 Nf6 4. Bg2 Bb4 5. Nd5 Bc5 6. e3 d6 7. Ne2 Bg4 8. O-O O-O 9. h3 Bh5 10. Re1 a6 11. b3 Rb8 12. Bb2 Ba7 13. d3 Nd7 14. Qd2 Ne7 15. Kh2 c6 16. Nxe7+ Qxe7 17. f4 f5 18. d4 Rfe8 19. dxe5 dxe5 20. e4 fxe4 21. Bxe4 Nf6 22. Bg2 Rbd8 23. Qc2 Bf2 24. Rf1 Bxe2 25. Qxe2 Bxg3+ 26. Kxg3 exf4+ 0-1

[Event "27th Klatovy A 2019"]
[Site "Klatovy CZE"]
[Date "2019.07.01"]
[Round "3.35"]
[White "Vilimova, Julie"]
[Black "Skopec, Lubos"]
[Result "1-0"]
[WhiteElo "1786"]
[BlackElo "1907"]
[PlyCount "129"]
[EventDate "2019.06.29"]
[EventType "swiss"]
[EventRounds "9"]
[EventCountry "CZE"]

1. d4 d5 2. c4 e6 3. Nc3 Nf6 4. cxd5 exd5 5. Bg5 Be7 6. e3 c6 7. Bd3 O-O 8. Qc2 Nbd7 9. Nf3 Re8 10. Ne5 Nf8 11. O-O-O Ne4 12. Nxe4 Bxg5 13. Nxg5 Qxg5 14. g4 Qe7 15. g5 c5 16. Rdg1 c4 17. Be2 b5 18. h4 b4 19. h5 b3 20. axb3 cxb3 21. Qb1 Be6 22. Bd3 Rac8+ 23. Kd1 Kh8 24. Bxh7 Qb4 25. Bd3 Rc2 26. Bxc2 bxc2+ 27. Qxc2 Rc8 28. Nd3 Rxc2 29. Nxb4 Rxb2 30. Nd3 Ra2 31. Kc1 a5 32. Kb1 Ra4 33. Kb2 Bf5 34. Nc5 Rb4+ 35. Ka3 Nd7 36. Rc1 Nb6 37. Nb3 Nc4+ 38. Rxc4 Rxc4 39. Nxa5 Rc8 40. Nb3 Ra8+ 41. Kb2 Kg8 42. Rc1 Bg4 43. h6 gxh6 44. gxh6 Kh7 45. Rc7 Be6 46. Nc5 Kxh6 47. Nxe6 fxe6 48. Rc6 Re8 49. f3 Kg5 50. Kc3 Kf5 51. Kd3 Re7 52. e4+ dxe4+ 53. fxe4+ Kf4 54. d5 exd5 55. exd5 Ke5 56. Kc4 Rd7 57. Re6+ Kf5 58. Kc5 Rd8 59. Re7 Rc8+ 60. Kd6 Kf6 61. Rc7 Re8 62. Kc6 Re1 63. d6 Rc1+ 64. Kb7 Rd1 65. d7 1-0

[Event "27th Klatovy A 2019"]
[Site "Klatovy CZE"]
[Date "2019.07.01"]
[Round "3.36"]
[White "Hlavac, Rudolf"]
[Black "Janous, Marek"]
[Result "0-1"]
[WhiteElo "1990"]
[BlackElo "1777"]
[PlyCount "110"]
[EventDate "2019.06.29"]
[EventType "swiss"]
[EventRounds "9"]
[EventCountry "CZE"]

1. e4 c5 2. Nf3 Nc6 3. d4 cxd4 4. Nxd4 g6 5. c4 Bg7 6. Be3 Nf6 7. Nc3 O-O 8. Be2 d6 9. O-O Bd7 10. Rc1 Rc8 11. b3 Re8 12. Qd2 Qa5 13. Rfd1 Ng4 14. Nxc6 bxc6 15. Bf4 Be6 16. h3 Nf6 17. Qe3 Nd7 18. Qd2 Nc5 19. f3 Rcd8 20. Be3 Bc8 21. Bf1 Ne6 22. Qb2 c5 23. a3 Qb6 24. b4 Nd4 25. b5 Bb7 26. Qa2 e6 27. a4 a5 28. Bf2 Rd7 29. Rd3 Qd8 30. Rcd1 f5 31. exf5 gxf5 32. Ne2 e5 33. Nxd4 exd4 34. Qd2 Qc7 35. Qf4 Rf7 36. R3d2 Qd7 37. Bd3 Ref8 38. Re2 Be5 39. Rxe5 dxe5 40. Qxe5 Qc7 41. Re1 Qc8 42. Re2 Rg7 43. Kf1 f4 44. Be1 Bxf3 45. Rf2 Bb7 46. Bxa5 Qa8 47. Qe6+ Kh8 48. Qd6 Bxg2+ 49. Ke2 Re8+ 50. Kd1 Qxa5 51. Re2 Bf3 52. Qxf4 Bxe2+ 53. Bxe2 Rg1+ 54. Bf1 Re1+ 55. Kc2 Qc3# 0-1

[Event "27th Klatovy A 2019"]
[Site "Klatovy CZE"]
[Date "2019.07.01"]
[Round "3.37"]
[White "Novotny, Jaroslav2"]
[Black "Lhotska, Anna"]
[Result "1/2-1/2"]
[WhiteElo "1979"]
[BlackElo "1884"]
[PlyCount "71"]
[EventDate "2019.06.29"]
[EventType "swiss"]
[EventRounds "9"]
[EventCountry "CZE"]

1. d4 Nf6 2. c4 e6 3. Nf3 b6 4. g3 Bb7 5. Bg2 Be7 6. O-O O-O 7. Nc3 c5 8. dxc5 Bxc5 9. a3 d5 10. cxd5 Nxd5 11. Qc2 Nxc3 12. Qxc3 Nd7 13. Rd1 Qe7 14. b4 Bd6 15. Qd4 Bxf3 16. Qxd6 Qxd6 17. Rxd6 Bxg2 18. Kxg2 Nf6 19. Bb2 Rfd8 20. Rad1 Nd5 21. Rxd8+ Rxd8 22. Rc1 h6 23. e4 Nf6 24. Bxf6 gxf6 25. Rc7 a5 26. Rc6 Rd3 27. Rxb6 Rxa3 28. bxa5 Rxa5 29. g4 Kg7 30. Kg3 Ra3+ 31. f3 Ra5 32. h3 f5 33. exf5 exf5 34. Kf4 fxg4 35. hxg4 Rc5 36. Rd6 1/2-1/2

[Event "27th Klatovy A 2019"]
[Site "Klatovy CZE"]
[Date "2019.07.01"]
[Round "3.38"]
[White "Krauskopfova, Lenka 1996"]
[Black "Hacaperka, Michal"]
[Result "1-0"]
[WhiteElo "1941"]
[BlackElo "1865"]
[PlyCount "83"]
[EventDate "2019.06.29"]
[EventType "swiss"]
[EventRounds "9"]
[EventCountry "CZE"]

1. c4 Nf6 2. Nc3 e5 3. g3 g6 4. Bg2 Bg7 5. e3 O-O 6. Nge2 d6 7. O-O c6 8. d4 Nbd7 9. b3 Re8 10. Ba3 exd4 11. Nxd4 Qa5 12. Bb2 Nc5 13. Qc2 Ne6 14. Nce2 d5 15. Bc3 Qc7 16. Nxe6 Bxe6 17. Qb2 Nh5 18. Bxg7 Nxg7 19. cxd5 Bxd5 20. Bxd5 cxd5 21. Rfd1 Rad8 22. Nf4 Qd6 23. Rxd5 Qxd5 24. Nxd5 Rxd5 25. Rc1 Ne6 26. b4 Red8 27. h4 h5 28. Kg2 Ng7 29. Rc7 Nf5 30. Qf6 Nh6 31. Rxb7 Rd2 32. Rxa7 Rf8 33. a4 Ng4 34. Qf3 f6 35. b5 Re8 36. e4 Rc8 37. b6 Rb2 38. Rc7 Rd8 39. b7 Rdd2 40. Rc8+ Kg7 41. b8=Q Nxf2 42. Qc7+ 1-0

[Event "27th Klatovy A 2019"]
[Site "Klatovy CZE"]
[Date "2019.07.01"]
[Round "3.39"]
[White "Elias, Jakub"]
[Black "Sterba, Karel"]
[Result "1-0"]
[WhiteElo "1921"]
[BlackElo "1864"]
[PlyCount "71"]
[EventDate "2019.06.29"]
[EventType "swiss"]
[EventRounds "9"]
[EventCountry "CZE"]

1. e4 e5 2. Nf3 Nc6 3. Bb5 a6 4. Ba4 Nf6 5. O-O Be7 6. Re1 b5 7. Bb3 d6 8. c3 O-O 9. h3 Bb7 10. d4 Re8 11. Nbd2 Bf8 12. a4 h6 13. Bc2 Nb8 14. d5 c6 15. dxc6 Bxc6 16. axb5 axb5 17. Rxa8 Bxa8 18. Qe2 Qb6 19. Nf1 Nbd7 20. Ng3 Nc5 21. Nh2 Ne6 22. Nf5 Nf4 23. Qd1 Qc6 24. Ng4 d5 25. Bxf4 exf4 26. Nd4 Qb6 27. e5 Nxg4 28. Qxg4 Bc5 29. Qxf4 Bxd4 30. cxd4 Qe6 31. Bf5 Qe7 32. Rc1 Bb7 33. Rc5 b4 34. Qc1 Ba6 35. Rc7 Qg5 36. Qc6 1-0

[Event "27th Klatovy A 2019"]
[Site "Klatovy CZE"]
[Date "2019.07.01"]
[Round "3.40"]
[White "Hosnedl, Matyas"]
[Black "Stankova, Zuzana 1986"]
[Result "1-0"]
[WhiteElo "1903"]
[BlackElo "1677"]
[PlyCount "33"]
[EventDate "2019.06.29"]
[EventType "swiss"]
[EventRounds "9"]
[EventCountry "CZE"]

1. e4 c5 2. Nf3 e6 3. d4 cxd4 4. Nxd4 Nc6 5. Be3 Nf6 6. Bd3 a6 7. O-O e5 8. Nxc6 bxc6 9. f4 exf4 10. Bxf4 Qb6+ 11. Kh1 Qxb2 12. Nd2 Be7 13. Nc4 Qb7 14. Bd6 Qa7 15. Qf3 Rf8 16. Qg3 Nh5 17. Qe5 1-0

[Event "27th Klatovy A 2019"]
[Site "Klatovy CZE"]
[Date "2019.06.02"]
[Round "4.1"]
[White "Havelka, Josef"]
[Black "Rubes, Jan"]
[Result "1/2-1/2"]
[WhiteElo "2342"]
[BlackElo "2352"]
[PlyCount "40"]
[EventDate "2019.06.29"]
[EventType "swiss"]
[EventRounds "9"]
[EventCountry "CZE"]

1. e4 c5 2. Nf3 Nc6 3. d4 cxd4 4. Nxd4 e6 5. Nc3 Qc7 6. g3 a6 7. Bg2 Nf6 8. O-O Nxd4 9. Qxd4 Bc5 10. Qd3 Ng4 11. Na4 Be7 12. Bf4 d6 13. Qe2 Ne5 14. b3 b5 15. Nb2 O-O 16. Nd3 Bb7 17. Rac1 Rac8 18. Bd2 Rfd8 19. f4 Nxd3 20. cxd3 Qd7 1/2-1/2

[Event "27th Klatovy A 2019"]
[Site "Klatovy CZE"]
[Date "2019.06.02"]
[Round "4.2"]
[White "Neuman, Petr"]
[Black "Jurek, Josef"]
[Result "1/2-1/2"]
[WhiteElo "2395"]
[BlackElo "2247"]
[PlyCount "57"]
[EventDate "2019.06.29"]
[EventType "swiss"]
[EventRounds "9"]
[EventCountry "CZE"]

1. e4 e6 2. d4 d5 3. Nc3 Bb4 4. Nge2 dxe4 5. a3 Bxc3+ 6. Nxc3 Nc6 7. d5 exd5 8. Qxd5 Be6 9. Qxe4 Nf6 10. Qh4 Qd4 11. Qxd4 Nxd4 12. Bd3 Bf5 13. Bxf5 Nxf5 14. Bd2 O-O-O 15. O-O-O h6 16. h3 Rhe8 17. Rde1 Rxe1+ 18. Rxe1 Re8 19. Rxe8+ Nxe8 20. Kd1 Ned6 21. Ke2 Kd7 22. Nd1 Nd4+ 23. Kd3 Ne6 24. f3 h5 25. g4 hxg4 26. hxg4 g6 27. Be3 f5 28. gxf5 gxf5 29. c4 1/2-1/2

[Event "27th Klatovy A 2019"]
[Site "Klatovy CZE"]
[Date "2019.06.02"]
[Round "4.3"]
[White "Hausner, Ivan"]
[Black "Slovak, Kilian"]
[Result "1/2-1/2"]
[WhiteElo "2370"]
[BlackElo "2242"]
[PlyCount "27"]
[EventDate "2019.06.29"]
[EventType "swiss"]
[EventRounds "9"]
[EventCountry "CZE"]

1. e4 c5 2. Nf3 Nc6 3. g3 g6 4. Bg2 Bg7 5. O-O d6 6. c3 e5 7. d3 Nge7 8. Be3 O-O 9. Na3 h6 10. d4 exd4 11. cxd4 d5 12. dxc5 dxe4 13. Nd2 Nd5 14. Nac4 1/2-1/2

[Event "27th Klatovy A 2019"]
[Site "Klatovy CZE"]
[Date "2019.06.02"]
[Round "4.4"]
[White "Brejnik, Gustav"]
[Black "Sprenar, Petr"]
[Result "1/2-1/2"]
[WhiteElo "2114"]
[BlackElo "2320"]
[PlyCount "84"]
[EventDate "2019.06.29"]
[EventType "swiss"]
[EventRounds "9"]
[EventCountry "CZE"]

1. d4 d5 2. c4 e6 3. Nf3 Nf6 4. g3 Be7 5. Bg2 O-O 6. O-O dxc4 7. Qc2 b6 8. Bg5 Nd5 9. Bxe7 Qxe7 10. Na3 c3 11. Rfc1 Bb7 12. Nc4 cxb2 13. Qxb2 Rc8 14. e4 Nb4 15. Qb1 c5 16. a3 N4a6 17. d5 exd5 18. exd5 Bxd5 19. Re1 Qf6 20. Ng5 Qxg5 21. Re5 Qg4 22. Bxd5 Nc6 23. Bxc6 Rxc6 24. Qb5 Qc8 25. Rae1 Re6 26. Rxe6 Nc7 27. Qb3 Nxe6 28. Nd6 Qd7 29. Nxf7 Qxf7 30. Rxe6 Rc8 31. Qe3 c4 32. Re7 Qf8 33. Qe6+ Kh8 34. Rf7 Qg8 35. Qd7 Rd8 36. Qe7 Re8 37. Qxa7 c3 38. Rc7 Re1+ 39. Kg2 Qd5+ 40. Kh3 Qh5+ 41. Kg2 Qd5+ 42. Kh3 Qh5+ 1/2-1/2

[Event "27th Klatovy A 2019"]
[Site "Klatovy CZE"]
[Date "2019.06.02"]
[Round "4.5"]
[White "Kotal, Vaclav"]
[Black "Stross, Frantisek"]
[Result "1-0"]
[WhiteElo "2205"]
[BlackElo "2312"]
[PlyCount "59"]
[EventDate "2019.06.29"]
[EventType "swiss"]
[EventRounds "9"]
[EventCountry "CZE"]

1. d4 d5 2. c4 c6 3. Nf3 Nf6 4. Qc2 e6 5. g3 Be7 6. Bg2 O-O 7. O-O b6 8. Rd1 Bb7 9. b3 Nbd7 10. Nc3 Rc8 11. e4 c5 12. dxc5 dxe4 13. Ne5 bxc5 14. Bf4 Qe8 15. Nxe4 Bxe4 16. Bxe4 Nxe5 17. Bxe5 Nxe4 18. Qxe4 Qc6 19. Qxc6 Rxc6 20. Rd7 Bf6 21. Bxf6 gxf6 22. Rxa7 Rd8 23. Rb7 Rd2 24. a4 Kg7 25. a5 Rdd6 26. Rb5 Rd7 27. a6 Ra7 28. Raa5 Rcxa6 29. Rxa6 Rxa6 30. Rxc5 1-0

[Event "27th Klatovy A 2019"]
[Site "Klatovy CZE"]
[Date "2019.06.02"]
[Round "4.6"]
[White "Dolezal, Radoslav Jr"]
[Black "Kozak, Milos"]
[Result "1-0"]
[WhiteElo "2374"]
[BlackElo "2165"]
[PlyCount "97"]
[EventDate "2019.06.29"]
[EventType "swiss"]
[EventRounds "9"]
[EventCountry "CZE"]

1. e4 e5 2. Nf3 Nc6 3. Bb5 Nf6 4. O-O Nxe4 5. d4 Nd6 6. Bxc6 dxc6 7. dxe5 Nf5 8. Qxd8+ Kxd8 9. Rd1+ Ke8 10. Nc3 Ne7 11. Nd4 Nf5 12. Nde2 Be7 13. Ne4 h6 14. b3 a5 15. a4 b6 16. Bb2 Be6 17. Nf4 h5 18. Nxe6 fxe6 19. Rd3 Rd8 20. Rxd8+ Kxd8 21. Rd1+ Kc8 22. Kf1 Rd8 23. Rxd8+ Kxd8 24. Ke2 Ke8 25. f4 Kf7 26. g3 Kg6 27. h3 Nh6 28. Kf3 Kf5 29. g4+ Kg6 30. Bd4 hxg4+ 31. hxg4 Kh7 32. c4 c5 33. Be3 Nf7 34. Nc3 c6 35. Ke4 Nh6 36. f5 Nxg4 37. fxe6 Nxe3 38. Kxe3 g6 39. Ne4 Kg7 40. Kf4 Kf8 41. Nd6 Bd8 42. Nc8 Bh4 43. Kg4 Bd8 44. Na7 Ke7 45. Nxc6+ Kxe6 46. Nxd8+ Kxe5 47. Nc6+ Ke4 48. Ne7 Kd4 49. Nc8 1-0

[Event "27th Klatovy A 2019"]
[Site "Klatovy CZE"]
[Date "2019.06.02"]
[Round "4.7"]
[White "Vyprachticky, David"]
[Black "Bartos, Jan"]
[Result "1/2-1/2"]
[WhiteElo "2312"]
[BlackElo "2157"]
[PlyCount "73"]
[EventDate "2019.06.29"]
[EventType "swiss"]
[EventRounds "9"]
[EventCountry "CZE"]

1. c4 Nf6 2. Nc3 c5 3. Nf3 e6 4. d4 cxd4 5. Nxd4 d5 6. Bg5 e5 7. Nc2 d4 8. Nd5 Nbd7 9. e3 dxe3 10. Bxe3 Nxd5 11. Qxd5 Be7 12. Be2 O-O 13. O-O Qc7 14. Qd2 Nf6 15. Nb4 Bc5 16. Nd5 Nxd5 17. cxd5 Bxe3 18. fxe3 Qd6 19. Rac1 Bd7 20. b4 Rac8 21. a3 f5 22. Rxc8 Rxc8 23. Rc1 Rxc1+ 24. Qxc1 b6 25. g3 Kf8 26. Qc4 Qh6 27. Qc3 Qd6 28. Qc4 Qh6 29. Qc7 Qxe3+ 30. Kf1 Ke8 31. Qb8+ Kf7 32. Qxa7 Ke7 33. Qc7 Qd4 34. Bb5 Qd1+ 35. Kf2 Qd4+ 36. Kf1 Qd1+ 37. Kf2 1/2-1/2

[Event "27th Klatovy A 2019"]
[Site "Klatovy CZE"]
[Date "2019.06.02"]
[Round "4.8"]
[White "Mejzlik, Ondrej"]
[Black "Dvorak, Jan"]
[Result "1/2-1/2"]
[WhiteElo "2302"]
[BlackElo "2141"]
[PlyCount "38"]
[EventDate "2019.06.29"]
[EventType "swiss"]
[EventRounds "9"]
[EventCountry "CZE"]

1. c4 Nf6 2. Nc3 e6 3. e4 d5 4. cxd5 exd5 5. e5 d4 6. Qa4+ Nc6 7. exf6 dxc3 8. Qe4+ Be6 9. Bb5 Qd5 10. Bxc6+ bxc6 11. Qxd5 Bxd5 12. f3 cxd2+ 13. Bxd2 O-O-O 14. Be3 Bd6 15. fxg7 Rhe8 16. Kf2 Be5 17. Bxa7 Bxb2 18. Rb1 Bxg7 19. a4 Kd7 1/2-1/2

[Event "27th Klatovy A 2019"]
[Site "Klatovy CZE"]
[Date "2019.06.02"]
[Round "4.9"]
[White "Furman, Boris"]
[Black "Zeman, Matyas"]
[Result "0-1"]
[WhiteElo "2144"]
[BlackElo "2275"]
[PlyCount "88"]
[EventDate "2019.06.29"]
[EventType "swiss"]
[EventRounds "9"]
[EventCountry "CZE"]

1. d4 g6 2. c4 Bg7 3. Nc3 c5 4. d5 Bxc3+ 5. bxc3 f5 6. e4 fxe4 7. f3 e3 8. Bxe3 d6 9. Bd3 Nd7 10. f4 Qa5 11. Qc2 Nh6 12. Nf3 Nf6 13. Rb1 Qa6 14. Nh4 Nf5 15. Nxf5 Bxf5 16. Bxf5 gxf5 17. Qd3 Rg8 18. O-O Ne4 19. Rb2 Qa3 20. Bc1 Qxc3 21. Qxc3 Nxc3 22. Rxb7 Kf7 23. Re1 Ne4 24. Re3 Rgb8 25. Reb3 Rxb7 26. Rxb7 Nc3 27. Rb2 Na4 28. Rb3 Nb6 29. Rc3 Re8 30. Rh3 Nxc4 31. Rxh7+ Kg6 32. Rh3 Rb8 33. Rc3 Rb4 34. a3 Ra4 35. Rd3 Nb6 36. Rg3+ Kf7 37. Rg5 Nxd5 38. Rxf5+ Ke6 39. Rf8 Rd4 40. f5+ Kd7 41. Bg5 c4 42. h4 c3 43. h5 c2 44. h6 Nf4 0-1

[Event "27th Klatovy A 2019"]
[Site "Klatovy CZE"]
[Date "2019.07.02"]
[Round "4.10"]
[White "Hollan, Petr"]
[Black "Jelinek, Michal"]
[Result "1/2-1/2"]
[WhiteElo "2261"]
[BlackElo "2108"]
[PlyCount "104"]
[EventDate "2019.06.29"]
[EventType "swiss"]
[EventRounds "9"]
[EventCountry "CZE"]

1. e4 e5 2. Nf3 Nc6 3. Bb5 a6 4. Ba4 Nf6 5. O-O Be7 6. Re1 b5 7. Bb3 d6 8. c3 O-O 9. h3 Nb8 10. d4 Nbd7 11. Nbd2 Bb7 12. Bc2 Re8 13. Nf1 Bf8 14. Ng3 g6 15. Bg5 h6 16. Bd2 Bg7 17. a4 Nb6 18. b3 bxa4 19. bxa4 a5 20. Bd3 Nfd7 21. Rb1 Bc6 22. Bb5 Bxb5 23. Rxb5 c6 24. Rb1 Nc4 25. Bc1 d5 26. exd5 cxd5 27. dxe5 Ndxe5 28. Nxe5 Bxe5 29. Bxh6 Qh4 30. Qxd5 Rad8 31. Re4 Qxg3 32. fxg3 Rxd5 33. Rxc4 Bxg3 34. Bf4 Bxf4 35. Rxf4 Re2 36. Rb8+ Kg7 37. Rb7 Rd1+ 38. Kh2 Rdd2 39. Rfxf7+ Kh6 40. Rh7+ Kg5 41. Rb5+ Kf6 42. Rb6+ Kf5 43. Rf7+ Kg5 44. h4+ Kh6 45. Rb8 Rxg2+ 46. Kh1 Kh5 47. Rb5+ Kxh4 48. Rxa5 g5 49. Rd5 g4 50. a5 Kg3 51. Rxd2 Rxd2 52. Rf1 Rh2+ 1/2-1/2

[Event "27th Klatovy A 2019"]
[Site "Klatovy CZE"]
[Date "2019.07.02"]
[Round "4.11"]
[White "Vanduyfhuys, Daria"]
[Black "Vedral, Oldrich"]
[Result "1-0"]
[WhiteElo "2078"]
[BlackElo "2250"]
[PlyCount "83"]
[EventDate "2019.06.29"]
[EventType "swiss"]
[EventRounds "9"]
[EventCountry "CZE"]

1. d4 Nf6 2. c4 g6 3. Nc3 Bg7 4. e4 d6 5. Nf3 O-O 6. Be2 e5 7. d5 a5 8. O-O Na6 9. Ne1 Nc5 10. Qc2 Bd7 11. Bd2 c6 12. f3 Nh5 13. Nd3 Nxd3 14. Bxd3 Nf4 15. Be3 c5 16. Kh1 Bf6 17. b3 h5 18. Ne2 Nxe2 19. Qxe2 Bg5 20. a3 Kg7 21. Qd2 Bxe3 22. Qxe3 Qf6 23. b4 axb4 24. axb4 b6 25. Qd2 Qf4 26. Qxf4 exf4 27. h4 cxb4 28. Rfb1 Ra3 29. Rxa3 bxa3 30. Rxb6 Ra8 31. Bb1 Bc8 32. Ba2 Ra6 33. Rb8 Bd7 34. e5 dxe5 35. c5 Bf5 36. c6 Ra5 37. d6 Ra7 38. Rb7 Ra8 39. Rxf7+ Kh6 40. d7 Rd8 41. Re7 e4 42. Re8 1-0